Sports Quiz

Random Sports or World Quiz

Winter Olympics Host Countries Quiz Stats

 Plays Quiz Updated Feb 13, 2019

     
Support Sporcle.
Go Orange.
Score 0/12 Timer 04:00
4 Plays Today
% Correct
United States
(1932, 1960, 1980, 2002)
97.1%
Canada
(1988, 2010)
95.5%
Russia (2014)
92.1%
Norway
(1952, 1994)
85.3%
France (1924, 1968, 1992)
83.1%
Japan
(1972, 1998)
76.5%
Italy
(1956, 2006)
74.9%
Germany (1936)
72%
South Korea
(2018)
62.9%
Switzerland
(1928, 1948)
53.6%
Austria
(1964, 1976)
51.5%
Bosnia and Herzegovina (1984*)
28.4%

From the Vault

20 Music Videos from the 2000s

by mselby

Music 6m
Let's go back to when MTV still meant something!
Remove Ads.
Support Sporcle.
Get the best of Sporcle when you Go Orange. This ad-free experience offers more features, more stats, and more fun while also helping to support Sporcle. Thank you for becoming a member.

Show Comments

Extras

Top Quizzes Today


Score Distribution

Your Account Isn't Verified!

In order to create a playlist on Sporcle, you need to verify the email address you used during registration. Go to your Sporcle Settings to finish the process.

Report this User

Report this user for behavior that violates our Community Guidelines.

Details: